Normal view
MARC view
Entry Personal Name
001 - CONTROL NUMBER
- control field: 265680
003 - CONTROL NUMBER IDENTIFIER
- control field: OSt
005 - DATE AND TIME OF LATEST TRANSACTION
- control field: 20260616165441.0
008 - FIXED-LENGTH DATA ELEMENTS
- fixed length control field: 260616|| aca||aabn | a|a d
040 ## - CATALOGING SOURCE
- Original cataloging agency: OSt
- Transcribing agency: OSt
100 ## - HEADING--PERSONAL NAME
- Personal name: Rego, Sylvia Tr
670 ## - SOURCE DATA FOUND
- Source citation: Work cat.: (OSt)241505: Henrik Ibsen 265679, Bavleche Ger, 2025